[Event "Olomouc 2008 - IM - A"]
[Site "?"]
[Date "2008.07.30"]
[Round "1.1"]
[White "Kutynec, Vladimir"]
[Black "Krejci, Jan"]
[Result "0-1"]
[WhiteElo "2281"]
[BlackElo "2305"]
[PlyCount "166"]
[EventDate "2008.07.30"]

1. Nf3 d5 2. c4 c6 3. g3 Bg4 4. Ne5 Be6 5. Bg2 dxc4 6. Qc2 Qd4 7. f4 Nd7 8. e3
Qc5 9. Nxd7 Bxd7 10. d4 Qa5+ 11. Bd2 Qa6 12. a4 e6 13. O-O Nf6 14. Rc1 c5 15.
dxc5 Bxc5 16. Qxc4 Qxc4 17. Rxc4 Rc8 18. Na3 b6 19. Rac1 Rd8 20. Kf1 O-O 21.
Ke2 e5 22. fxe5 Ng4 23. Rxc5 bxc5 24. Rxc5 Rfe8 25. Bc3 Bxa4 26. Bd4 Nxh2 27.
Ra5 Bb3 28. Rxa7 Ng4 29. Bc6 Re6 30. Bd7 Re7 31. Bxg4 Rxa7 32. Bxa7 Bd1+ 33.
Ke1 Bxg4 34. Bd4 Rb8 35. Nc4 Be6 36. Nd6 Kf8 37. Kd2 Ke7 38. Ne4 Bd5 39. Nc5 h5
40. Kc3 g5 41. e4 Bc6 42. Bf2 Rh8 43. Be3 Rg8 44. Bf2 Bb5 45. b4 g4 46. Kd4 Ra8
47. Be3 Rd8+ 48. Kc3 Rd1 49. Bg5+ Ke8 50. Bh4 Rc1+ 51. Kd2 Rc4 52. Ke3 Rxb4 53.
e6 Bc6 54. Kd3 fxe6 55. Kc3 Rb5 56. Nxe6 Re5 57. Ng5 Kf8 58. Kd4 Re8 59. Nh7+
Kf7 60. e5 Kg6 61. Nf6 Re6 62. Ng8 Bf3 63. Ne7+ Kf7 64. Nc8 Ra6 65. Nd6+ Ke6
66. Nc4 Ra4 67. Kc5 Be2 68. Nb6 Ra5+ 69. Kd4 Rxe5 70. Na4 Bf3 71. Nc5+ Kf5 72.
Nd3 Re4+ 73. Kc3 Be2 74. Nf2 Re5 75. Kd4 Re6 76. Nh1 Re4+ 77. Kc3 Ba6 78. Nf2
Re2 79. Nd1 Ke4 80. Nb2 Rh2 81. Bd8 Rh3 82. Bc7 h4 83. Na4 hxg3 0-1

[Event "Olomouc 2008 - IM - A"]
[Site "?"]
[Date "2008.07.30"]
[Round "1.2"]
[White "Parligras, Cosmin"]
[Black "Malinovsky, Karel"]
[Result "1-0"]
[WhiteElo "2271"]
[BlackElo "2353"]
[PlyCount "125"]
[EventDate "2008.07.30"]

1. e4 c5 2. Nc3 Nc6 3. f4 e6 4. Nf3 g6 5. d4 cxd4 6. Nxd4 a6 7. Be3 Nge7 8. Qd2
Bg7 9. O-O-O Qc7 10. Nb3 Na5 11. Qd6 Nxb3+ 12. axb3 Qxd6 13. Rxd6 b5 14. Be2
Bb7 15. Bf3 e5 16. Rhd1 Bc6 17. Bg4 b4 18. Na4 exf4 19. Bxf4 O-O 20. Nb6 Ra7
21. Nxd7 Re8 22. e5 h5 23. Bh3 Be4 24. Nc5 Bf5 25. Rxa6 Rxa6 26. Nxa6 Bxh3 27.
gxh3 Nc6 28. Nc7 Re7 29. Nd5 Re6 30. Nc7 Re7 31. Nd5 Re6 32. c3 bxc3 33. bxc3
Bxe5 34. b4 Bxf4+ 35. Nxf4 Re4 36. Nd5 Kg7 37. b5 Na5 38. Kc2 f5 39. b6 f4 40.
Rd4 Re2+ 41. Kd3 f3 42. Rf4 Rf2 43. h4 g5 44. hxg5 Rxh2 45. Rxf3 Rb2 46. Rf6 h4
47. Rh6 Rb5 48. c4 Rb3+ 49. Kd4 h3 50. c5 Rg3 51. Nf4 Rg4 52. Ke4 Rxg5 53. Rxh3
Kf7 54. Rh5 Rg1 55. Kf5 Rc1 56. Rh7+ Kg8 57. Rc7 Rb1 58. Rc8+ Kh7 59. Rc7+ Kh6
60. Ke6 Nb3 61. Kd6 Nd4 62. Ne6 Nf5+ 63. Kd7 1-0

[Event "Olomouc 2008 - IM - A"]
[Site "?"]
[Date "2008.07.30"]
[Round "1.3"]
[White "Talla, Vladimir"]
[Black "Vlasak, Lukas"]
[Result "0-1"]
[WhiteElo "2407"]
[BlackElo "2136"]
[PlyCount "98"]
[EventDate "2008.07.30"]

1. e4 c5 2. Nf3 d6 3. d4 cxd4 4. Nxd4 Nf6 5. Nc3 a6 6. Be3 e6 7. f3 b5 8. g4
Nbd7 9. g5 Nh5 10. Qd2 Ne5 11. f4 Ng4 12. Bg1 e5 13. Nd5 Nxf4 14. Nxb5 Nxd5 15.
Qxd5 Rb8 16. Qc6+ Qd7 17. Nc7+ Kd8 18. Qxd7+ Kxd7 19. Nd5 h6 20. Nb6+ Rxb6 21.
Bxb6 hxg5 22. O-O-O Bb7 23. Bd3 f5 24. Rhg1 fxe4 25. Rxg4 exd3 26. Rxd3 Be7 27.
Bg1 Ke6 28. Rb3 Bd5 29. Rc3 Kf5 30. Rgg3 g4 31. h3 Bg5+ 32. Kb1 gxh3 33. Rxh3
Rf8 34. Rh2 Bf4 35. Re2 Kg4 36. Be3 g5 37. Re1 Bxe3 38. Rcxe3 Rf3 39. Rd3 Rxd3
40. cxd3 Kg3 41. Kc1 Kf2 42. Kd2 Bf3 43. d4 e4 44. b4 g4 45. a4 g3 46. b5 axb5
47. axb5 g2 48. Rb1 e3+ 49. Kd3 e2 0-1

[Event "Olomouc 2008 - IM - A"]
[Site "?"]
[Date "2008.07.30"]
[Round "1.5"]
[White "Bejtovic, Jasmin"]
[Black "Tuma, Jiri"]
[Result "1/2-1/2"]
[WhiteElo "2335"]
[BlackElo "2285"]
[PlyCount "58"]
[EventDate "2008.07.30"]

1. e4 e5 2. Nf3 Nc6 3. d4 exd4 4. Nxd4 Bc5 5. Nxc6 Qf6 6. Qd2 dxc6 7. Nc3 Ne7
8. Qf4 Be6 9. Bd3 Qxf4 10. Bxf4 Bd6 11. Ne2 O-O-O 12. O-O-O f6 13. Bxd6 cxd6
14. Rhe1 Rhe8 15. Nf4 Bf7 16. Be2 Kc7 17. Bh5 Ng6 18. Bxg6 hxg6 19. h4 Re5 20.
a3 Rh8 21. g3 Rhe8 22. f3 d5 23. Nd3 R5e7 24. exd5 Bxd5 25. Rxe7+ Rxe7 26. Re1
Rxe1+ 27. Nxe1 Kd6 28. Kd2 c5 29. Ke3 b6 1/2-1/2

[Event "Olomouc 2008 - IM - A"]
[Site "?"]
[Date "2008.07.31"]
[Round "2.1"]
[White "Krejci, Jan"]
[Black "Tuma, Jiri"]
[Result "1/2-1/2"]
[WhiteElo "2305"]
[BlackElo "2285"]
[PlyCount "117"]
[EventDate "2008.07.30"]

1. e4 e5 2. Nf3 Nc6 3. Bb5 a6 4. Ba4 Nf6 5. O-O b5 6. Bb3 Be7 7. Re1 d6 8. c3
O-O 9. h3 Na5 10. Bc2 c5 11. d4 Qc7 12. Nbd2 Nc6 13. d5 Nd8 14. a4 Rb8 15. b4
c4 16. axb5 axb5 17. Nf1 Ne8 18. N3h2 g6 19. Ng3 f6 20. Be3 Ng7 21. Qd2 Bd7 22.
Ra6 Nf7 23. Rea1 Rb7 24. Bd1 Rfb8 25. Ng4 Qc8 26. Nh6+ Nxh6 27. Bxh6 Ne8 28. f4
Nc7 29. R6a2 Na8 30. f5 Nb6 31. Qf2 Na4 32. Nh5 Nxc3 33. fxg6 hxg6 34. Nxf6+
Bxf6 35. Qxf6 Be8 36. Bg4 Qd8 37. Be6+ Kh7 38. Qf8 Qe7 39. Ra8 Qxf8 40. Bxf8
Nxe4 41. Rxb8 Rxb8 42. Ra7+ Kh8 43. Bg7+ Kh7 44. h4 c3 45. g4 Ra8 46. Rxa8 c2
47. Ra1 Nc3 48. Kf1 Nb1 49. Ra7 c1=Q+ 50. Kf2 Qd2+ 51. Kf1 Qd4 52. Re7 Nd2+ 53.
Ke2 Qe4+ 54. Kxd2 Qxb4+ 55. Ke2 Qe4+ 56. Kd2 Qb4+ 57. Ke2 Qb2+ 58. Kd1 Qb1+ 59.
Kd2 1/2-1/2

[Event "Olomouc 2008 - IM - A"]
[Site "?"]
[Date "2008.07.31"]
[Round "2.2"]
[White "Johansson, Jan"]
[Black "Bejtovic, Jasmin"]
[Result "1/2-1/2"]
[WhiteElo "2450"]
[BlackElo "2335"]
[PlyCount "138"]
[EventDate "2008.07.30"]

1. e4 c5 2. Nf3 Nc6 3. Bb5 g6 4. O-O Bg7 5. Re1 Nf6 6. c3 O-O 7. h3 Qb6 8. Na3
d5 9. e5 Ne8 10. d3 Nc7 11. Bxc6 Qxc6 12. Nc2 b6 13. d4 f6 14. exf6 exf6 15.
Be3 Bf5 16. Rc1 c4 17. Bf4 Ne6 18. Bg3 Bxc2 19. Rxc2 Rfe8 20. Nh2 Ng5 21. Ng4
Rxe1+ 22. Qxe1 Re8 23. Re2 Rxe2 24. Qxe2 Kf7 25. h4 Ne4 26. Bf4 h5 27. Ne3 Bf8
28. f3 Nd6 29. Qc2 Ne8 30. g4 hxg4 31. fxg4 Bd6 32. Qh2 Bxf4 33. Qxf4 Qe6 34.
Qf3 Nc7 35. Kf2 Qd6 36. g5 Kg7 37. Ng4 Ne8 38. Kg2 Qe6 39. Ne3 Nc7 40. Qf4 Ne8
41. Kf2 fxg5 42. hxg5 Nd6 43. Kg2 b5 44. Qe5+ Kf7 45. Qxd5 Qxd5+ 46. Nxd5 Ke6
47. Ne3 Ne4 48. Kf3 Nxg5+ 49. Kf4 Nf7 50. a4 a6 51. axb5 axb5 52. Kg4 Kd6 53.
Kf4 Ke6 54. Nc2 Kd6 55. Nb4 Ke6 56. Na6 Kd5 57. Nc7+ Kc6 58. Ne6 Kd5 59. Nc7+
Kc6 60. Ne8 Kd5 61. Nf6+ Ke6 62. Ne4 Kd5 63. Ng5 Nd6 64. Nf3 Nf7 65. Kg4 Ke4
66. Ng5+ Nxg5 67. Kxg5 b4 68. Kxg6 bxc3 69. bxc3 Kd3 1/2-1/2

[Event "Olomouc 2008 - IM - A"]
[Site "?"]
[Date "2008.07.31"]
[Round "2.3"]
[White "Vlasak, Lukas"]
[Black "Krupa, Monika"]
[Result "1-0"]
[WhiteElo "2136"]
[BlackElo "2272"]
[PlyCount "107"]
[EventDate "2008.07.30"]

1. e4 c5 2. Nf3 Nc6 3. d4 cxd4 4. Nxd4 Nf6 5. Nc3 e5 6. Ndb5 d6 7. Bg5 a6 8.
Na3 b5 9. Nd5 Qa5+ 10. Bd2 Qd8 11. Bg5 Be7 12. Bxf6 Bxf6 13. c4 b4 14. Nc2 a5
15. g3 Bg5 16. Bg2 O-O 17. O-O g6 18. b3 Bh6 19. h4 Ra7 20. h5 Be6 21. Qe2 Qg5
22. Rad1 Bg7 23. Nde3 Nd4 24. Nxd4 exd4 25. Nc2 Bg4 26. Bf3 gxh5 27. Nxd4 Re7
28. Bxg4 hxg4 29. Nb5 f5 30. Rd5 Be5 31. Nxd6 Bxd6 32. Rxd6 fxe4 33. Rd5 Rf5
34. Rfd1 Rfe5 35. R1d4 h5 36. Rxe5 Qxe5 37. Qe3 h4 38. gxh4 Qf6 39. Rxe4 Rxe4
40. Qxe4 Qa1+ 41. Kg2 Qxa2 42. Qxg4+ Kf7 43. Qf3+ Ke7 44. Qe4+ Kf7 45. Qd5+ Ke7
46. c5 a4 47. Qd6+ Kf7 48. c6 Qxb3 49. c7 Qc4 50. Qd7+ Kg6 51. Qe8+ Kf6 52.
c8=Q Qd5+ 53. Kf1 Qd3+ 54. Qe2 1-0

[Event "Olomouc 2008 - IM - A"]
[Site "?"]
[Date "2008.07.31"]
[Round "2.4"]
[White "Malinovsky, Karel"]
[Black "Talla, Vladimir"]
[Result "1/2-1/2"]
[WhiteElo "2353"]
[BlackElo "2407"]
[PlyCount "62"]
[EventDate "2008.07.30"]

1. e4 e5 2. Nf3 Nc6 3. Bb5 a6 4. Ba4 Nf6 5. O-O Be7 6. Re1 b5 7. Bb3 O-O 8. d4
Nxd4 9. Bxf7+ Rxf7 10. Nxe5 Rf8 11. Qxd4 c5 12. Qd1 Bb7 13. Nc3 Qe8 14. Ng4 Qg6
15. Nxf6+ Bxf6 16. Nd5 Rae8 17. Nxf6+ Rxf6 18. f3 d5 19. exd5 Rxe1+ 20. Qxe1
Bxd5 21. Qg3 Qxc2 22. Bg5 Rf8 23. Qd6 Bxa2 24. Qxa6 Bc4 25. Be7 Re8 26. Bxc5
Qxb2 27. Qa7 Qc3 28. h3 Re1+ 29. Rxe1 Qxe1+ 30. Kh2 Qe5+ 31. Kh1 Qe1+ 1/2-1/2

[Event "Olomouc 2008 - IM - A"]
[Site "?"]
[Date "2008.07.31"]
[Round "2.5"]
[White "Kutynec, Vladimir"]
[Black "Parligras, Cosmin"]
[Result "0-1"]
[WhiteElo "2281"]
[BlackElo "2271"]
[PlyCount "74"]
[EventDate "2008.07.30"]

1. d4 d5 2. c4 c6 3. Nf3 Nf6 4. Nc3 g6 5. Bf4 Bg7 6. e3 O-O 7. h3 c5 8. dxc5
Qa5 9. cxd5 Nxd5 10. Be5 Bxe5 11. Nxe5 Nxc3 12. Qd2 Qxc5 13. Qxc3 Qxc3+ 14.
bxc3 Nd7 15. Nxd7 Bxd7 16. O-O-O Be6 17. Kb2 Rac8 18. Be2 Rc5 19. Rd4 Rfc8 20.
Rc1 Kg7 21. h4 h5 22. f4 Bd5 23. Bf3 Rb5+ 24. Rb4 Rxb4+ 25. cxb4 Rxc1 26. Kxc1
Bxf3 27. gxf3 Kf6 28. Kc2 e5 29. fxe5+ Kxe5 30. Kd3 f6 31. a3 g5 32. hxg5 fxg5
33. Ke2 Kd5 34. Kf2 Kc4 35. Kg3 Kd3 36. Kf2 b5 37. e4 Kd4 0-1

[Event "Olomouc 2008 - IM - A"]
[Site "?"]
[Date "2008.08.01"]
[Round "3.1"]
[White "Parligras, Cosmin"]
[Black "Krejci, Jan"]
[Result "0-1"]
[WhiteElo "2271"]
[BlackElo "2305"]
[PlyCount "90"]
[EventDate "2008.07.30"]

1. d4 d5 2. c4 c6 3. cxd5 cxd5 4. Nc3 Nc6 5. Nf3 Nf6 6. Bf4 Bf5 7. e3 e6 8. Qb3
Bb4 9. Bb5 O-O 10. O-O Bd6 11. Bxd6 Qxd6 12. Nh4 Bg4 13. h3 Bh5 14. Be2 Bxe2
15. Nxe2 Na5 16. Qc3 Qa6 17. Ng3 Rfc8 18. Qa3 Qb5 19. b3 Ne4 20. Nf3 Nxg3 21.
fxg3 b6 22. Ng5 Rf8 23. Qd6 h6 24. Nf3 Rac8 25. Rf2 Qc6 26. Qf4 Qc7 27. Qg4 Qc3
28. Re1 Nb7 29. Qf4 Qc7 30. Qg4 Nd6 31. Ne5 Qe7 32. Kh2 Qg5 33. Qe2 Ne4 34. Rf3
Rc7 35. Ref1 f6 36. h4 Qh5 37. Qe1 Rfc8 38. g4 Qe8 39. Nd3 Rc2 40. R1f2 Nxf2
41. Rxf2 Qg6 42. Rxc2 Rxc2 43. Nb4 Rc8 44. Qe2 a5 45. Qa6 Rc3 0-1

[Event "Olomouc 2008 - IM - A"]
[Site "?"]
[Date "2008.08.01"]
[Round "3.2"]
[White "Talla, Vladimir"]
[Black "Kutynec, Vladimir"]
[Result "0-1"]
[WhiteElo "2407"]
[BlackElo "2281"]
[PlyCount "120"]
[EventDate "2008.07.30"]

1. e4 d5 2. exd5 Qxd5 3. Nc3 Qa5 4. d4 Nf6 5. Nf3 Bg4 6. h3 Bh5 7. g4 Bg6 8.
Ne5 e6 9. h4 Ne4 10. Bd2 Nxc3 11. bxc3 Nd7 12. Nxd7 Kxd7 13. Bg2 h5 14. Rb1 Rb8
15. O-O hxg4 16. d5 Bd6 17. Qxg4 Bf5 18. Qc4 Qc5 19. Qxc5 Bxc5 20. Be3 Bxe3 21.
fxe3 Rxh4 22. dxe6+ Bxe6 23. Bxb7 Rbh8 24. Rbd1+ Ke7 25. Rd4 R4h5 26. Rf2 Rc5
27. e4 c6 28. Ra4 a5 29. Ba6 Rh3 30. Bd3 Rch5 31. Rg2 g6 32. Kf2 Kd6 33. Rd4+
Kc5 34. a3 Rh1 35. Be2 R5h2 36. Rxh2 Rxh2+ 37. Ke3 Rh1 38. a4 Rh3+ 39. Kd2 Rh8
40. Ke3 g5 41. Kf2 Rh2+ 42. Ke3 Rh3+ 43. Kd2 Rh8 44. Ke3 g4 45. Rd1 Rh3+ 46.
Kd2 Kd6 47. Rg1 Rh4 48. Bd3 Rh2+ 49. Ke3 Ke5 50. Rf1 c5 51. c4 Rh3+ 52. Ke2 Kd4
53. Rf6 Rh2+ 54. Kf1 Ke3 55. Kg1 g3 56. e5 Bg4 57. Rxf7 Bf3 58. Rxf3+ Kxf3 59.
e6 Rh6 60. Bf5 g2 0-1

[Event "Olomouc 2008 - IM - A"]
[Site "?"]
[Date "2008.08.01"]
[Round "3.3"]
[White "Krupa, Monika"]
[Black "Malinovsky, Karel"]
[Result "1/2-1/2"]
[WhiteElo "2272"]
[BlackElo "2353"]
[PlyCount "91"]
[EventDate "2008.07.30"]

1. e4 e5 2. Nf3 Nc6 3. Nc3 Nf6 4. d4 exd4 5. Nd5 h6 6. Nf4 Nd5 7. exd5 Bb4+ 8.
Bd2 Qe7+ 9. Qe2 Bxd2+ 10. Kxd2 Qxe2+ 11. Bxe2 Ne7 12. Rhe1 d6 13. Nxd4 Kd8 14.
c4 Nf5 15. Nf3 c5 16. dxc6 bxc6 17. Bd3 Re8 18. g4 Rxe1 19. Rxe1 Ne7 20. h3 Rb8
21. Kc3 c5 22. Be4 f5 23. gxf5 Bxf5 24. h4 Kd7 25. Nd2 Rf8 26. Rg1 Bxe4 27.
Nxe4 Rxf4 28. Kd3 Nf5 29. Rg6 Rxh4 30. Ng3 Rd4+ 31. Kc3 Ne7 32. Rxg7 Rf4 33.
Rh7 Rf3+ 34. Kd2 Rxf2+ 35. Ke3 Rf6 36. Nh5 Re6+ 37. Kd3 Kc6 38. Nf4 Re1 39.
Rxh6 Rd1+ 40. Ke2 Rb1 41. Rh7 Rxb2+ 42. Kd3 Rb7 43. Ne6 Rd7 44. Nf8 Rb7 45. Ne6
Rd7 46. Nf8 1/2-1/2

[Event "Olomouc 2008 - IM - A"]
[Site "?"]
[Date "2008.08.01"]
[Round "3.4"]
[White "Bejtovic, Jasmin"]
[Black "Vlasak, Lukas"]
[Result "1-0"]
[WhiteElo "2335"]
[BlackElo "2136"]
[PlyCount "105"]
[EventDate "2008.07.30"]

1. e4 c5 2. Nf3 d6 3. d4 cxd4 4. Nxd4 Nf6 5. Nc3 a6 6. Bc4 e6 7. Bb3 b5 8. O-O
Be7 9. Qf3 Qb6 10. Bg5 O-O 11. Rad1 Nbd7 12. Rfe1 b4 13. Na4 Qb7 14. c3 Ne5 15.
Qe2 Bd7 16. f4 Nc6 17. e5 Nxd4 18. Rxd4 dxe5 19. fxe5 Bxa4 20. exf6 Bc5 21.
Bxa4 bxc3 22. bxc3 Bxd4+ 23. cxd4 Qb4 24. fxg7 Rfc8 25. Bb3 Qxd4+ 26. Be3 Qb4
27. Rf1 Rc7 28. Bc2 Qc3 29. Bb1 Qe5 30. Qf2 Qh5 31. h3 Rac8 32. Be4 a5 33. Bd4
Rc1 34. Rxc1 Rxc1+ 35. Kh2 f5 36. Qb2 Rc8 37. Bf3 Qf7 38. Be5 Qe7 39. Bd1 Qd7
40. Bf3 Qe7 41. Qd2 Qc5 42. Qf4 Rd8 43. Qg3 Qc4 44. Qg5 Qc8 45. Qf6 Qd7 46. Bd1
Re8 47. Bb3 Qc6 48. a4 Qa6 49. Qxf5 Qb6 50. Ba2 Qc6 51. Qf6 Qa6 52. Bb1 Qb6 53.
Bd3 1-0

[Event "Olomouc 2008 - IM - A"]
[Site "?"]
[Date "2008.08.01"]
[Round "3.5"]
[White "Tuma, Jiri"]
[Black "Johansson, Jan"]
[Result "0-1"]
[WhiteElo "2285"]
[BlackElo "2450"]
[PlyCount "56"]
[EventDate "2008.07.30"]

1. d4 Nf6 2. Nf3 c5 3. e3 d5 4. b3 cxd4 5. exd4 Bg4 6. Ba3 Nc6 7. Be2 Bxf3 8.
Bxf3 Qa5+ 9. c3 e5 10. Bxf8 Kxf8 11. dxe5 Nxe5 12. O-O g6 13. b4 Qc7 14. a3 Kg7
15. Ra2 Rad8 16. Rd2 Qc6 17. g3 Nxf3+ 18. Qxf3 Rhe8 19. Rfd1 Ne4 20. Rd4 Re5
21. c4 Ng5 22. Qg2 Rde8 23. Nd2 Re1+ 24. Rxe1 Rxe1+ 25. Nf1 Qe6 26. cxd5 Nh3+
27. Kh1 Qe2 28. Qxh3 Rxf1+ 0-1

[Event "Olomouc 2008 - IM - A"]
[Site "?"]
[Date "2008.08.02"]
[Round "4.2"]
[White "Vlasak, Lukas"]
[Black "Tuma, Jiri"]
[Result "1/2-1/2"]
[WhiteElo "2136"]
[BlackElo "2285"]
[PlyCount "65"]
[EventDate "2008.07.30"]

1. e4 e5 2. Nf3 Nc6 3. Bb5 a6 4. Ba4 Nf6 5. O-O b5 6. Bb3 Be7 7. Re1 d6 8. c3
O-O 9. h3 Na5 10. Bc2 c5 11. d4 Qc7 12. Nbd2 Nc6 13. dxc5 dxc5 14. Nf1 Be6 15.
Ne3 Rad8 16. Qe2 c4 17. Nf5 Nd7 18. Be3 Nc5 19. Ng5 Bxf5 20. Bxc5 Bg6 21. Bxe7
Qxe7 22. Nf3 Rd6 23. a4 Rfd8 24. axb5 axb5 25. b3 cxb3 26. Bxb3 b4 27. cxb4
Nxb4 28. Bd5 h6 29. Rad1 Nxd5 30. exd5 Rxd5 31. Rxd5 Rxd5 32. Nxe5 Kh7 33. Nxg6
1/2-1/2

[Event "Olomouc 2008 - IM - A"]
[Site "?"]
[Date "2008.08.02"]
[Round "4.3"]
[White "Malinovsky, Karel"]
[Black "Bejtovic, Jasmin"]
[Result "1/2-1/2"]
[WhiteElo "2353"]
[BlackElo "2335"]
[PlyCount "87"]
[EventDate "2008.07.30"]

1. e4 c5 2. Nf3 Nc6 3. d4 cxd4 4. Nxd4 g6 5. c4 Nf6 6. Nc3 Nxd4 7. Qxd4 d6 8.
Be2 Bg7 9. Be3 O-O 10. Qd2 Be6 11. Rc1 Qa5 12. f3 Rfc8 13. b3 a6 14. Na4 Qxd2+
15. Kxd2 Nd7 16. g4 f5 17. gxf5 gxf5 18. Rhg1 Kh8 19. Bd3 f4 20. Bf2 Rg8 21.
Nc3 Ne5 22. Ke2 Bf7 23. Bd4 Bh5 24. Nd5 Bxf3+ 25. Kd2 Bh5 26. Bxe5 Bxe5 27.
Nxe7 Rxg1 28. Rxg1 Re8 29. Nf5 Rg8 30. Rxg8+ Kxg8 31. Ke1 Kf7 32. Kf2 Kf6 33.
Be2 Be8 34. Bf3 b5 35. cxb5 axb5 36. a3 d5 37. Nh4 Kg5 38. Ng2 dxe4 39. Bxe4
Bd4+ 40. Ke2 Bb2 41. a4 bxa4 42. bxa4 Bxa4 43. Nxf4 Kxf4 44. Bxh7 1/2-1/2

[Event "Olomouc 2008 - IM - A"]
[Site "?"]
[Date "2008.08.02"]
[Round "4.4"]
[White "Kutynec, Vladimir"]
[Black "Krupa, Monika"]
[Result "1-0"]
[WhiteElo "2281"]
[BlackElo "2272"]
[PlyCount "139"]
[EventDate "2008.07.30"]

1. Nf3 Nf6 2. c4 e6 3. g3 d5 4. Bg2 dxc4 5. Qa4+ Nbd7 6. O-O a6 7. Qxc4 b5 8.
Qb3 Bb7 9. d4 c5 10. dxc5 Bxc5 11. Nc3 O-O 12. Ng5 Bxg2 13. Kxg2 Qb6 14. Nce4
h6 15. Nxf6+ Nxf6 16. Nf3 Ne4 17. Be3 Bxe3 18. Qxe3 Qxe3 19. fxe3 Rac8 20. Rac1
Nd6 21. b3 Nf5 22. Kf2 Nd6 23. Nd2 b4 24. e4 Nb5 25. Rc4 Rfd8 26. Ke3 Na3 27.
Rxc8 Rxc8 28. Nb1 Nb5 29. Kd2 Rd8+ 30. Ke3 Rc8 31. Kd2 Nd6 32. e5 Nf5 33. Rc1
Rd8+ 34. Ke1 Rd5 35. Nd2 Ra5 36. e4 Rxe5 37. Rc6 a5 38. Kf2 Nd4 39. Rc8+ Kh7
40. Ke3 Nb5 41. Nf3 Rxe4+ 42. Kxe4 Nd6+ 43. Kd4 Nxc8 44. Kc5 Ne7 45. Ne5 Nd5
46. Kc4 f5 47. Nc6 g5 48. Nd4 Nc3 49. a4 bxa3 50. Kxc3 f4 51. gxf4 gxf4 52. Nc2
a2 53. Kb2 Kg6 54. Kxa2 e5 55. Kb2 Kf5 56. Kc3 Ke4 57. Kd2 Kf3 58. Ne1+ Kg4 59.
Kd3 Kf5 60. h3 e4+ 61. Kd4 f3 62. Ke3 Kg5 63. Kxe4 f2 64. Nf3+ Kh5 65. Nd2 Kh4
66. Kf3 Kxh3 67. Kxf2 Kg4 68. Nc4 Kf4 69. Nxa5 Ke4 70. Nc4 1-0

[Event "Olomouc 2008 - IM - A"]
[Site "?"]
[Date "2008.08.02"]
[Round "4.5"]
[White "Parligras, Cosmin"]
[Black "Talla, Vladimir"]
[Result "0-1"]
[WhiteElo "2271"]
[BlackElo "2407"]
[PlyCount "88"]
[EventDate "2008.07.30"]

1. e4 c5 2. Nf3 d6 3. Bc4 Nf6 4. d3 Nc6 5. c3 g6 6. Bb3 Bg7 7. O-O O-O 8. Re1
b5 9. d4 Bg4 10. dxc5 dxc5 11. Qxd8 Raxd8 12. Nbd2 Nd7 13. h3 Bxf3 14. Nxf3
Nde5 15. Nxe5 Nxe5 16. Bg5 Nd3 17. Bxe7 Nxe1 18. Bxd8 Rxd8 19. Rxe1 Rd2 20. Rd1
Rxb2 21. Rd8+ Bf8 22. Bd5 c4 23. Rd7 Bg7 24. Rd8+ Bf8 25. Rd7 Kh8 26. Rxa7 b4
27. Ra8 Kg7 28. cxb4 c3 29. Rc8 c2 30. Kh2 Bxb4 31. Bb3 Bd6+ 32. g3 c1=Q 33.
Rxc1 Rxf2+ 34. Kg1 Rf3 35. Rd1 Be5 36. Rd5 Kf6 37. Rd7 Rxg3+ 38. Kf2 Rxh3 39.
Rxf7+ Kg5 40. Rf8 Bd4+ 41. Kg2 Re3 42. Re8 h5 43. Bd5 h4 44. Re7 Re2+ 0-1

[Event "Olomouc 2008 - IM - A"]
[Site "?"]
[Date "2008.08.03"]
[Round "5.1"]
[White "Talla, Vladimir"]
[Black "Krejci, Jan"]
[Result "1/2-1/2"]
[WhiteElo "2407"]
[BlackElo "2305"]
[PlyCount "109"]
[EventDate "2008.07.30"]

1. b3 e5 2. Bb2 Nc6 3. c4 Nf6 4. e3 Be7 5. a3 a5 6. Qc2 O-O 7. d3 d5 8. cxd5
Nxd5 9. Nf3 f6 10. Be2 Be6 11. Nbd2 Qe8 12. O-O Qf7 13. Ne4 Nb6 14. Nfd2 Rfd8
15. Kh1 Rd7 16. g4 Rad8 17. Rg1 Bd5 18. h3 Nc8 19. Kh2 b6 20. Ng3 Nb8 21. d4
exd4 22. Bxd4 c5 23. Bc3 Nc6 24. f4 Qe8 25. Bd3 g6 26. Qb2 Qf7 27. Be2 Qf8 28.
Nde4 Bxe4 29. Nxe4 Nd6 30. Nxf6+ Bxf6 31. Bxf6 Re8 32. Rg3 b5 33. Rd1 Rf7 34.
Bf3 Ne4 35. Bxe4 Rxe4 36. g5 Qe8 37. Qc3 c4 38. bxc4 bxc4 39. Qd2 Rb7 40. Qd5+
Qe6 41. Qxe6+ Rxe6 42. Rd5 Re4 43. Rc5 Ne7 44. Rg2 Nf5 45. Rd2 Rxe3 46. Rxc4
Rxa3 47. Rc8+ Kf7 48. Rh8 Ke6 49. Re8+ Kf7 50. Red8 Ra4 51. R2d7+ Rxd7 52.
Rxd7+ Ke6 53. Rxh7 Rxf4 54. Ra7 a4 55. Ra5 1/2-1/2

[Event "Olomouc 2008 - IM - A"]
[Site "?"]
[Date "2008.08.03"]
[Round "5.2"]
[White "Krupa, Monika"]
[Black "Parligras, Cosmin"]
[Result "1-0"]
[WhiteElo "2272"]
[BlackElo "2271"]
[PlyCount "109"]
[EventDate "2008.07.30"]

1. e4 c5 2. Nf3 Nc6 3. Bb5 g6 4. O-O Bg7 5. c3 Nf6 6. Re1 O-O 7. d4 d5 8. Bxc6
bxc6 9. exd5 cxd5 10. dxc5 Qc7 11. b4 Rb8 12. Be3 Ne4 13. Bd4 e5 14. Bxe5 Bxe5
15. Qxd5 Bxc3 16. Nxc3 Nxc3 17. Qb3 Nb5 18. a4 a5 19. axb5 Rxb5 20. Qa4 Rxb4
21. Qxa5 Qf4 22. c6 Rc4 23. Qe5 Qg4 24. h3 Qe6 25. Qxe6 Bxe6 26. Ne5 Rc2 27.
Rac1 Rxc1 28. Rxc1 Rc8 29. Nf3 Kf8 30. Nd4 Ke7 31. Nb5 Bb3 32. Re1+ Kf6 33. Re3
Ba4 34. Nd6 Rxc6 35. Rf3+ Ke7 36. Nxf7 Rc1+ 37. Kh2 Bc6 38. Rf4 Rc5 39. Nh6 Bd5
40. Ng4 Be6 41. Ne3 Ra5 42. Rh4 Bg8 43. Rb4 Kf6 44. Ng4+ Kg7 45. Rb7+ Bf7 46.
f4 Rf5 47. Kg3 g5 48. fxg5 Rxg5 49. Kf4 Rg6 50. h4 Kg8 51. h5 Re6 52. Kf5 Bxh5
53. Nf6+ Rxf6+ 54. Kxf6 h6 55. g4 1-0

[Event "Olomouc 2008 - IM - A"]
[Site "?"]
[Date "2008.08.03"]
[Round "5.3"]
[White "Bejtovic, Jasmin"]
[Black "Kutynec, Vladimir"]
[Result "1-0"]
[WhiteElo "2335"]
[BlackElo "2281"]
[PlyCount "125"]
[EventDate "2008.07.30"]

1. e4 c5 2. Nf3 Nc6 3. d4 cxd4 4. Nxd4 g6 5. Nc3 Bg7 6. Be3 Nf6 7. Bc4 O-O 8.
O-O Nxe4 9. Nxe4 d5 10. Nxc6 bxc6 11. Bd3 dxe4 12. Bxe4 Qc7 13. c3 Ba6 14. Re1
Rab8 15. Qc2 f5 16. Bf3 e5 17. Bc5 Rfd8 18. Rad1 e4 19. Be2 Qa5 20. Bd6 Bxe2
21. Qxe2 Rb5 22. b4 Qa3 23. Bc5 Rxd1 24. Qxd1 h5 25. g4 Qxc3 26. gxf5 gxf5 27.
Re3 Qa1 28. Qxa1 Bxa1 29. Ra3 Rb8 30. Rxa7 Bc3 31. a3 h4 32. f3 h3 33. fxe4
fxe4 34. Re7 Ra8 35. Rxe4 Rxa3 36. Re3 Ra1+ 37. Kf2 Bd2 38. Rxh3 Rb1 39. Rg3+
Kh7 40. Rg4 Kh6 41. Be3+ Bxe3+ 42. Kxe3 Rb3+ 43. Kd2 Rh3 44. Rc4 Kg5 45. Rxc6
Kf5 46. Rd6 Rb3 47. Rd4 Ke5 48. Kc2 Rh3 49. Rd2 Ke4 50. Kb2 Ke3 51. Kc1 Rh8 52.
Rg2 Kd3 53. Kb2 Kc4 54. Rg4+ Kb5 55. h4 Rf8 56. Kc3 Rf3+ 57. Kc2 Rh3 58. Rd4
Ka4 59. Kd2 Rh2+ 60. Ke3 Rh3+ 61. Kf2 Kb3 62. Kg2 Re3 63. h5 1-0

[Event "Olomouc 2008 - IM - A"]
[Site "?"]
[Date "2008.08.03"]
[Round "5.4"]
[White "Tuma, Jiri"]
[Black "Malinovsky, Karel"]
[Result "1-0"]
[WhiteElo "2285"]
[BlackElo "2353"]
[PlyCount "41"]
[EventDate "2008.07.30"]

1. e4 c5 2. Nf3 Nc6 3. d4 cxd4 4. Nxd4 Nf6 5. Nc3 d6 6. g3 Bg4 7. f3 Bd7 8. Be3
Nxd4 9. Bxd4 Qa5 10. Bg2 e5 11. Be3 Be7 12. O-O O-O 13. Qd2 Kh8 14. Rfd1 Rac8
15. Qf2 b6 16. Bf1 Rc7 17. g4 h6 18. h4 Rfc8 19. g5 Rxc3 20. gxf6 Rxc2 21. Rd2
1-0

[Event "Olomouc 2008 - IM - A"]
[Site "?"]
[Date "2008.08.03"]
[Round "5.5"]
[White "Johansson, Jan"]
[Black "Vlasak, Lukas"]
[Result "1/2-1/2"]
[WhiteElo "2450"]
[BlackElo "2136"]
[PlyCount "98"]
[EventDate "2008.07.30"]

1. d4 d5 2. c4 c6 3. Nf3 Nf6 4. Nc3 e6 5. Bg5 h6 6. Bxf6 Qxf6 7. Qc2 Nd7 8.
O-O-O Bb4 9. e3 O-O 10. Be2 Bxc3 11. Qxc3 dxc4 12. Bxc4 b5 13. Bd3 Bb7 14. Be4
Rac8 15. Kb1 Qe7 16. Nd2 e5 17. Qc2 Ba8 18. Bh7+ Kh8 19. Bf5 Rfd8 20. Nb3 c5
21. dxc5 Bxg2 22. Rhg1 Bf3 23. Rc1 g6 24. Bxd7 Qxd7 25. e4 Qc6 26. Rge1 Bg4 27.
Qc3 Qc7 28. f4 Be6 29. fxe5 Kh7 30. Rf1 Bc4 31. Rfd1 Qc6 32. Rd4 Rxd4 33. Qxd4
Rc7 34. Na5 Qxc5 35. Qxc5 Rxc5 36. Nxc4 bxc4 37. b3 c3 38. Kc2 Ra5 39. a4 Rxe5
40. Kd3 Rh5 41. Rc2 Rh3+ 42. Kc4 Kg7 43. b4 Kf6 44. b5 Ke5 45. a5 Kd6 46. Kd4
Rh5 47. Kc4 Rh3 48. Rf2 Rh5 49. Rc2 Rh3 1/2-1/2

[Event "Olomouc 2008 - IM - A"]
[Site "?"]
[Date "2008.08.04"]
[Round "6.1"]
[White "Krejci, Jan"]
[Black "Vlasak, Lukas"]
[Result "1/2-1/2"]
[WhiteElo "2305"]
[BlackElo "2136"]
[PlyCount "57"]
[EventDate "2008.07.30"]

1. e4 e5 2. Nf3 Nf6 3. Nxe5 d6 4. Nf3 Nxe4 5. Nc3 Nxc3 6. dxc3 Be7 7. Bf4 Nd7
8. Qd2 Nc5 9. O-O-O O-O 10. Kb1 Re8 11. Bc4 Be6 12. Bxe6 Nxe6 13. h4 Bf6 14. g4
Qd7 15. g5 Qc6 16. Rh3 Nxf4 17. Qxf4 Re4 18. Qd2 Be5 19. h5 Qd7 20. Rdh1 Bf4
21. Qd5 Rae8 22. a3 c6 23. Qd3 d5 24. Rh4 Qf5 25. Rg1 Be3 26. Rxe4 Rxe4 27. Qe2
Bc5 28. Qd3 Be3 29. Qe2 1/2-1/2